000 00624cam a22002171 4500
001 sa 67003594
003 DLC
005 20260227112339.0
008 720920s1967 ii 000 0 eng
010 _asa 67003594
035 _a(OCoLC)410589
040 _aDLC
_cOCU
_dOCoLC
_dDLC
042 _apremarc
050 0 0 _aHG3284
_b.M83
100 2 _aMutalik Desai, V. R.
245 1 0 _aBanking development in India
_c[by] V.R. Mutalik Desai. Foreword by B.D. Ghonasgi.
260 _aBombay,
_bManaktalas
_c[1967]
300 _axi, 184 p.
_c23cm.
504 _aBibliography: p. 177-178.
650 0 _aBanks and banking
_zIndia.
999 _c73912
_d73912